40 Places in Middle Earth Quiz - Statistics

General Stats
  • This quiz has been taken 169 times
  • The average score is 28 of 40
Answer Stats
# Clue Place in the LOTR % Correct
1 Land of Sauron Mordor
99%
3 Great kingdom of men in the south founded by Elendil'ssons, which is ruled by Denethor during the LOTR Gondor
96%
7 Gandalf rides to this place to look for advice from Saruman Isengard
94%
14 Means "country of horses" in sindarin Rohan
93%
10 Sauron forged the rings in the fires of this volcano Mount Doom
92%
17 #16 is located in ... Helm's Deep
91%
4 Gandalf came to this city at the beginning of the LOTR to find informations about the ring Minas Tirith
89%
11 Ents live there Fangorn
88%
35 Land where hobbits live The Shire
88%
12 Great forest where live Galadriel and Celeborn Lothlórien
87%
5 City of Nazgûl Minas Morgul
87%
31 In this forest you can find Radagast, elves and giant spiders Mirkwood
83%
38 Refuge founded by Elrond Rivendell
82%
9 On the top of this gigantic tower stands the Great Eye Barad-dûr
81%
15 Capital city of #14 Edoras
81%
8 Saruman's tower Orthanc
79%
26 A dragon invaded it and slept there Erebor
78%
40 Gollum took the ring deep into the tunnels of these mountains Misty Mountains
76%
6 Ancient capital city of #3 Osgiliath
75%
22 Place where Frodo is wounded by a Nazgul Amon Sûl
74%
28 City of men destroyed by Smaug upon arrival Dale
73%
36 Town near to #28 populated by men Bree
71%
18 The greatest battle in the LOTR stand in these fields Pelennor Fields
71%
2 Great kingdom of men in the north founded by Elendil, which broke up and disappeared during the Third Age Arnor
67%
13 Frodo, Sam and Gollum must cross them to reach Mordor Dead Marshes
67%
34 Ancient fortress where Sauron fought Gandalf, Saruman, Elrondand Galadriel Dol Guldur
67%
30 Other name of #23 Lake-Town
65%
25 Port from which the Elves leave Middle-earth The Grey Havens
64%
20 Fortress guarded by Orcs near Shelob's tunnel where Frodo isimprisonned Cirith Ungol
60%
37 Famous inn in #29 where Thorin meets Gandalf The Prancing Pony
60%
24 Old name of #5 Minas Ithil
59%
29 During the destruction of this town, Bard kills Smaug Esgaroth
53%
19 Hills in the north of Gondor ; Frodo and Sam meets Gollum there Emyn Muil
52%
23 Old name of #4 Minas Anor
49%
39 Elvish name of #31 Imladris
45%
16 When people of #14 is in danger, they find refuge in thisfortress Hornburg
43%
27 Nickname of #19 The Lonely Mountain
42%
32 Elven kingdom ruled by Thranduil Woodland Realm
39%
21 Place where Frodo puts the ring just before the Uruk Hai attack Amon Hen
38%
33 Large rocky peak near the farm of Beorn; in the film "The Hobbit - Un unexpected journey", the company stops there and sees for the first time #18-19 The Carrock
34%
No matching quizzes found
Score Distribution
Percent of People with Each Score
Percentile by Number Answered
Your Score History
You have not taken this quiz